Chlieb zamiesený s láskou Hovoríme s herečkou Milkou Zimkovou

Bibliographic Details
Main Authors: Císar, Alexander (Author), Zimková, Milka, 1951-2023 (Author)
Format: Article
Language:Slovak
PhysicalDescription:Obr. 1.
Subjects:

MARC

LEADER 00000nab a2200000 a 4500
001 vtls000157280
003 SK-MaSNL
005 20260303220911.0
008 160215c1983 xo 0 slo
015 |a SNBRB19rr/mm-uuuuu 
035 |a CL0167387 
040 |a SNKBUCL  |b slo  |c SNKBUCL  |e AACR2 
041 0 |a slo 
044 |a xo  |c SK 
080 |a 792.071.2  |2 1981 
080 |a 929 Zimková, Milka  |2 1981 
100 1 |a Císar, Alexander  |4 aut  |9 5059 
245 1 0 |a Chlieb zamiesený s láskou  |b Hovoríme s herečkou Milkou Zimkovou  |c Alexander Císar 
300 |b Obr. 1. 
600 1 7 |a Zimková, Milka,  |d 1951-2023  |2 snkbucl  |9 98656 
655 7 |a rozhovory  |2 snkbucl  |9 31831 
655 7 |a články z novín a časopisov  |2 snkbucl  |9 267496 
700 1 |a Zimková, Milka,  |d 1951-2023  |4 aut  |9 98656 
773 0 |t Práca  |g Roč. 38, č. 84 (11. 4. 1983), s. 5 
850 |a Slovenská národná knižnica v Martine  |a MTA001 
852 |a SNK  |b KIS3GCP 
958 |a BX 
958 |a RK 
992 |a RBX 
999 |c 2229520  |d 2231450